Loading...
| Fine Arts - Classical Music | 0 | 4 | 0 | 1 | 40 | 80 | 114.75 | 0 | 1 |
| Geography/Current Events | 0 | 2 | 0 | 0 | 20 | 94 | 107.00 | 0 | 0 |
| History - American History | 0 | 2 | 0 | 0 | 20 | 95 | 95.00 | 0 | 0 |
| History - European History | 0 | 2 | 0 | 0 | 20 | 61 | 93.00 | 1 | 1 |
| Religion | 0 | 2 | 0 | 1 | 20 | 111 | 116.50 | 0 | 1 |
| Literature - European Literature | 0 | 1 | 0 | 0 | 10 | 124 | 124.00 | 0 | 0 |
| Philosophy | 0 | 1 | 0 | 0 | 10 | 125 | 125.00 | 0 | 0 |
| Social Science | 0 | 1 | 0 | 0 | 10 | 66 | 66.00 | 0 | 1 |
| Fine Arts - Visual Fine Arts | 0 | 1 | 0 | 1 | 10 | 131 | 131.00 | 0 | 1 |
| History - World History | 0 | 1 | 0 | 0 | 10 | 126 | 126.00 | 0 | 0 |
| Literature - American Literature | 0 | 1 | 0 | 0 | 10 | 103 | 103.00 | 0 | 0 |
| Literature - British Literature | 0 | 1 | 0 | 0 | 10 | 100 | 100.00 | 0 | 1 |
| Science - Other Science | 0 | 1 | 0 | 1 | 10 | 132 | 132.00 | 0 | 0 |
| Literature - World/Other Literature | 0 | 0 | 0 | 0 | 0 | 0.00 | 0 | 0 | |
| Fine Arts - Other Fine Arts | 0 | 0 | 3 | 0 | -15 | 0.00 | 0 | 0 |